| 000 | 02451nam a22005177a 4500 | ||
|---|---|---|---|
| 001 | 19154723 | ||
| 003 | OSt | ||
| 005 | 20241030103514.0 | ||
| 008 | 160623s2016 txu f f001 0 eng | ||
| 010 | _a 2016029117 | ||
| 020 | _a9780160934414 (pbk) | ||
| 035 | _a(DNLM)101685743 | ||
| 040 |
_aDNLM/DLC _cDLC _erda _dDLC _beng |
||
| 041 | _aeng | ||
| 042 | _apcc | ||
| 050 | 0 | 0 | _aRA1219.5 |
| 060 | 1 | 0 | _aQW 39 |
| 080 |
_a61 _bF-50 |
||
| 082 | 0 | 0 |
_a615.9 _223 |
| 245 | 0 | 0 |
_aField management of chemical and biological casualties handbook / _ceditors, Colonel (Ret) Gary Hurst [and seven others]. _b/ by: Borden Institute |
| 250 | _aFifth edition. | ||
| 260 |
_aFort Sam Houston, Texas _bBorden Institute _c2016. |
||
| 263 | _a1608 | ||
| 300 |
_a215 p. _cill. |
||
| 336 |
_atext _2rdacontent |
||
| 337 |
_aunmediated _2rdamedia |
||
| 338 |
_avolume _2rdacarrier |
||
| 500 | _aIncludes index. | ||
| 500 | _a"Borden Institute, US Army Medical Department Center and School, Health Readiness Center of Excellence, Fort Sam Houston, Texas ; US Army Medical Research Institute of Chemical Defense, Aberdeen Proving Ground, Maryland ; Office of The Surgeon General, United States Army, Falls Church, Virginia." | ||
| 500 | _aPreceded by Chemical Casualty Care Division's field management of chemical casualties handbook / editors, Gary Hurst ... [et al.]. Fourth edition. 2014. | ||
| 505 | 0 | _aNerve agents -- Vesicants -- Cyanide -- Lung-damaging agents and toxic industrial chemicals -- Riot-control agents -- Incapacitating agents -- Biological agents -- Toxins -- Field management and triage of contaminated -- Casualties on the integrated battlefield -- Patient decontamination station : planning, setup and operation -- Individual protective equipment -- Military working dogs in contaminated environments. | |
| 650 | 1 | 2 | _aChemical Warfare Agents |
| 650 | 1 | 0 |
_aMedicine _969 |
| 650 | 1 | 2 | _aBiological Warfare Agents |
| 650 | 2 | 2 |
_aDecontamination _xmethods |
| 650 | 2 | 2 |
_aMilitary Medicine _xmethods |
| 651 | 2 | _aUnited States | |
| 653 | _aმედიცინა | ||
| 653 | _aსამხედრო მედიცინა | ||
| 655 | 2 | _aHandbooks | |
| 700 | 1 |
_aHurst, Gary _q(C. Gary), _eeditor. |
|
| 710 | 2 |
_aBorden Institute (U.S.), _eissuing body. |
|
| 710 | 2 |
_aU.S. Army Medical Research Institute of Chemical Defense, _eissuing body. |
|
| 906 |
_a7 _bcbc _corignew _d1 _eecip _f20 _gy-gencatlg |
||
| 942 |
_2udc _cBK _e5 |
||
| 999 |
_c1704 _d1704 |
||